Federal taxation in America : a short history (Record no. 262513)

MARC details
000 -LEADER
fixed length control field 00714nam a2200217Ia 4500
008 - FIXED-LENGTH DATA ELEMENTS--GENERAL INFORMATION
fixed length control field 191130s2004##################000#0#eng##
020 ## - INTERNATIONAL STANDARD BOOK NUMBER
ISBN 9780521545204
082 ## - DEWEY DECIMAL CLASSIFICATION NUMBER
Classification number 336.200973 BRO
100 ## - MAIN ENTRY--AUTHOR NAME
Personal name Brownlee, W. Elliot
245 ## - TITLE STATEMENT
Title Federal taxation in America : a short history
Statement of responsibility, etc W. Elliot Brownlee
250 ## - EDITION STATEMENT
Edition statement 2nd ed
260 ## - PUBLICATION, DISTRIBUTION, ETC. (IMPRINT)
Place of publication Washington, DC ; Cambridge
Name of publisher Cambridge University Press, Woodrow Wilson Center Press
Year of publication 2004
300 ## - PHYSICAL DESCRIPTION
Number of Pages xiii, 288 p. ; 24 cm
500 ## - GENERAL NOTE
General note Includes bibliographical references and index
650 ## - SUBJECT ADDED ENTRY--TOPICAL TERM
Topical Term Taxation - United States - History
991 ## -
-- 203467
Holdings
Withdrawn status Lost status Damaged status Not for loan Home library Current library Shelving location Date acquired Full call number Accession Number Price effective from Koha item type
        Anna Centenary Library Anna Centenary Library 4TH FLOOR, A WING 13.10.2020 336.200973 BRO 98061 13.10.2020 English Books

Find us on the map